Top 15 Länder mit Covid-19-Todesfällen - 5. Januar 2022 - Statistiken

Allgemein
  • Dieses Quiz wurde 17 mal gespielt
  • Das Durchschnittsergebnis liegt bei 14 aus 27
Antwortstatistiken
Land % Korrekt
Vereinigte Staaten
100%
Deutschland
88%
Indien
88%
Brasilien
81%
Frankreich
81%
Italien
75%
Russland
75%
Mexiko
63%
Argentinien
56%
Polen
56%
Vereinigtes Königreich
56%
Indonesien
50%
Iran
44%
Kolumbien
44%
Slowakei
44%
Tschechien
44%
Ungarn
44%
Litauen
38%
Peru
38%
Rumänien
38%
Slowenien
38%
Bulgarien
31%
Georgien
31%
Kroatien
31%
Armenien
19%
Bosnien und Herzegowina
19%
Nordmazedonien
19%
Keine übereinstimmenden Quizze gefunden
Verteilung der Resultate
Anzahl Personen mit jedem Resultat
Perzentil nach korrekt beantworteten Fragen
Ihre Resultats-Entwicklung
Sie haben dieses Quiz noch nicht gespielt